|
|
|
|
| LEADER |
00000nam0a2200000 4500 |
| 001 |
357193 |
| 005 |
20231102010952.0 |
| 035 |
|
|
|a (RuTPU)RU\TPU\retro\14453
|
| 090 |
|
|
|a 357193
|
| 100 |
|
|
|a 20200803d1975 k y0rusy50 ca
|
| 101 |
0 |
|
|a rus
|
| 102 |
|
|
|a UA
|
| 105 |
|
|
|a y z 001zy
|
| 200 |
1 |
|
|a Критические очерки по философии Канта
|f Академия наук Украинской ССР, Институт философии ; под ред. М. A. Булатова
|
| 210 |
|
|
|a Киев
|c Наукова думка
|d 1975
|
| 215 |
|
|
|a 367 с.
|
| 320 |
|
|
|a Указатель литературы: с. 345-362
|
| 320 |
|
|
|a Имен. указ.: с. 363-365
|
| 600 |
|
1 |
|a Кант
|b И.
|c родоначальник немецкой классической философии
|f 1724-1804
|g Иммануил
|2 stltpush
|3 (RuTPU)RU\TPU\pers\208
|9 105
|
| 606 |
1 |
|
|a Немецкая философия
|z 17 - 1 пол. 19 в.
|2 stltpush
|3 (RuTPU)RU\TPU\subj\45372
|9 64616
|
| 610 |
1 |
|
|a 18 век
|
| 610 |
1 |
|
|a 19 век
|
| 610 |
1 |
|
|a диалектика
|
| 610 |
1 |
|
|a нравственная свобода
|
| 610 |
1 |
|
|a научная картина мира
|
| 610 |
1 |
|
|a математика
|
| 610 |
1 |
|
|a метафизика
|
| 610 |
1 |
|
|a Украина
|
| 686 |
|
|
|a Ю3(4Г)5
|v LBC/SL-A
|2 rubbk
|
| 702 |
|
1 |
|a Булатов
|b М. A.
|4 340
|
| 712 |
0 |
2 |
|a Академия наук Украинской ССР
|b Институт философии
|2 stltpush
|3 (RuTPU)RU\TPU\col\12865
|9 25544
|
| 801 |
|
1 |
|a RU
|b 63413507
|c 20200803
|
| 801 |
|
2 |
|a RU
|b 63413507
|c 20200826
|g RCR
|
| 942 |
|
|
|c BK
|